000 00625cam a22002293a 4500
001 6023
003 PGUSA
005 20140828083127.0
008 040701s2004||||xxu|||||s|||||000 1 eng d
040 _aPGUSA
_beng
042 _adc
050 4 _aPR
100 1 _aWhite, William Hale,
_d1831-1913
245 1 0 _aCatharine Furze
_h[electronic resource] /
_cWilliam Hale White
260 _bProject Gutenberg,
_c2004
506 _aPublic domain in the USA.
516 _aElectronic text
653 _aReligious fiction
830 0 _aProject Gutenberg
_v6023
856 4 0 _uhttp://www.gutenberg.org/ebooks/6023
942 _cEB
999 _c235351
_d235351